00575pab a2200169 454500008004000000100001800040245010200058260000900160300001300169362000800182650001900190650002200209773004300231909001000274999001700284952010400301180718b2000 xxu||||| |||| 00| 0 eng d aSawer, Marian aParliamentary representation of women: from discourses of justice to strategies of accountability c2000 ap.361-80 aOct aAccountability aWomen in politics aInternational Political Science Review a46954 c46954d46954 00104070aIIPAbIIPAd2018-07-19hVolume no: 21, Issue no: 4pAR47382r2018-07-19w2018-07-19yAR